| 000 | 00490nam a2200157 i 4500 | ||
|---|---|---|---|
| 001 | 22694 | ||
| 003 | ES-MaACL | ||
| 005 | 20230906152736.0 | ||
| 007 | t| | ||
| 008 | 021204s1902 sp ||||1| spa d | ||
| 100 | 1 |
_aAlmera y Comas, Jaime. _920144 |
|
| 245 | 1 | 0 |
_aExcursión geológica dirigida a estudiar las relaciones del grupo de Mongat con el de Vallearca / _cJaime Almera y Comas. |
| 260 |
_aBarcelona : _bA. López Robert, _c1902. |
||
| 300 | _a1 v. | ||
| 852 |
_aES-MaACL _jT-1052-F-9 |
||
| 999 |
_c22694 _d22694 |
||